| 000 | 00622 a2200193 4500 | ||
|---|---|---|---|
| 020 | _a1580530591 | ||
| 040 |
_aDLC _bDLC |
||
| 100 | 1 | _aGroe, John B. | |
| 245 | 1 | 0 |
_aCDMA mobile radio design _cJohn B. Groe, Lawrence E. Larson. |
| 260 |
_aBoston : _bArtech House, _cc2000. |
||
| 300 |
_axv, 346 p. : _bill. ; _c23 cm. |
||
| 490 | 1 | _aMobile communications series. | |
| 650 | 0 | _aCode division multiple access. | |
| 650 | 0 | _aCellular telephone systems. | |
| 650 | 0 | _aMobile communication systems. | |
| 700 | 1 | _aLarson, Lawrence E. | |
| 830 | 0 | _aArtech House mobile communications library. | |
| 942 |
_cBK _k621.3845 GRO _2ddc |
||
| 999 |
_c8358 _d8358 |
||